1510 1644 1832 1354 1924 1614 1885 1145 1434 1881 1923 1405 1870 1382 1272 1660 1033 1015 1256 1995 1066 1867 1580 1971 1041 1497 1019 1363 1273 1553 1387 1327 1518 1285 1712 1953 1889 1731 1832 1482 1552 1838 1882 1461 1947 1701 1227 1754 1370 1518 1318 1862 1291 1675 1293 1997 1135 1417 1035 1173 1892 1314 1903 1863 1106 1355 1852 1632 1810 1265 1463 1949 1095 1616 1242 1111 1664 1252 1494 1839 1495 1025 1411 1489 1965 1324 1014 1026 1638 1240 1432 1014 1778 1661 1380 1874 1694 1222 1557 BCNSPRNW ULIB Ver.6.0+V

เปลี่ยนเป็นภาษาไทย

Change to English
 แสดงรายละเอียดบรรณานุกรม
  กลับหน้าหลัก

Brief Record : Get Marc (ISO 2709) : E-mail record : QR code < ปิดหน้าต่าง
LEADER : 00000nam 2200000uu 4500
001    13399125876
003     ULIB
008    170921s2560||||th 000 0 tha d
020    ^a9789740336129
060    ^aQV766^bศ713ส
100    ^aศุภยางค์ วรวุฒิคุณชัย
245    ^aสมุนไพรไทยต้านจุลินทรีย์/^cศุภยางค์ วรวุฒิคุณชัย และคณะ
250    ^aพิมพ์ครั้งที่ 1
260    ^aกรุงเทพฯ :^bสำนักพิมพ์แห่งจุฬาลงกรณ์มหาวิทยาลัย,^c2560
300    ^a562 หน้า;^b26 ซม.
650    ^aสมุนไพรไทย
700    ^aสุกัลญา หลีแจ้
945    ^p0^l0^i003304
945    ^p0^l0^i003305
945    ^p0^l0^i003306
999    ^aประนอม เกษจรัล
รายการนี้ยังไม่มีแท็ก
คุณยังไม่ได้ล็อกอิน คุณสามารถมีกิจกรรมร่วมกับเว็บไซต์ได้ แต่ต้องล็อกอินก่อน ::
  ล็อกอิน

รายการสื่อสารสนเทศ

ลำดับที่ ประเภท เลขเรียก/บาร์โค้ด สถานที่ สถานะ
1. วิทยาศาสตร์การแพทย์ และสุขภาพ
วิทยาศาสตร์การแพทย์ และสุขภาพ
QV766 ศ713ส ฉ.1 
  Barcode: 003304
ห้องสมุดวิทยาเขตสวรรค์ประชารักษ์
►หนังสือทั่วไป
บนชั้น
2. วิทยาศาสตร์การแพทย์ และสุขภาพ
วิทยาศาสตร์การแพทย์ และสุขภาพ
QV766 ศ713ส ฉ.2 
  Barcode: 003305
ห้องสมุดวิทยาเขตสวรรค์ประชารักษ์
►หนังสือทั่วไป
บนชั้น
3. วิทยาศาสตร์การแพทย์ และสุขภาพ
วิทยาศาสตร์การแพทย์ และสุขภาพ
QV766 ศ713ส ฉ.3 
  Barcode: 003306
ห้องสมุดวิทยาเขตสวรรค์ประชารักษ์
►หนังสือทั่วไป
บนชั้น

รายการใกล้เคียง
    ผู้แต่ง [ศุภยางค์ วรวุฒิคุณชัย]

    หัวเรื่อง [สมุนไพรไทย]

BibComment


ยังไม่เคยถูกคอมเมนท์

คอมเมนท์ทรัพยากรรายการนี้
  คอมเมนท์: สมุนไพรไทยต้านจุ..


 Copyright 2026. Bcnsprnw @Library